| 000 | 00481cam a2200181ua 4500 | ||
|---|---|---|---|
| 020 |
_a0 471 101184 _c54.95 |
||
| 041 |
_aeng _h |
||
| 082 |
_a632.95 _bHUT/PR |
||
| 100 | _aHudson, D H . | ||
| 245 |
_aProgress in pestcide biochemistry, vol.2 / _cD H Hudson. _hTextual Documents |
||
| 260 |
_aNewyork : _bJohn wiley &sons chichesten , _c1982. |
||
| 300 | _a226 ; . | ||
| 365 | _a54.95 | ||
| 504 | _a | ||
| 700 | 1 | _aRoberts, T R . | |
| 942 | _cBK | ||
| 999 |
_c2818 _d2818 |
||